banner-ar

الاسلام وخرافة المواجهة الدين والسياسة فى الشرق الاوسط / (Record no. 52058)

MARC details
000 -الفاتح
حقل البيانات ثابتة الطول 00642nam a2200193Ia 4500
008 - عناصر البيانات ثابتة الطول - معلومات عامة
حقل البيانات ثابتة الطول 140319s9999 xx 000 0 ara d
040 ## - مصدر الفهرسة
وكالة الفهرسة الأصلية GCL /
وكالة النسخ GCL
082 04 - رقم تصنيف ديوى العشرى
رقم التصنيف 219.30956
رقم المادة هـ ا
100 1# - المدخل الرئيسى - إسم شخصى
الإسم الشخصى محمد مستجير
245 10 - بيان العنوان
العنوان الاسلام وخرافة المواجهة الدين والسياسة فى الشرق الاوسط /
بيان المسئوليه,etc محمد مستجير
700 1# - المدخل الاضافى - اسم شخصى
الإسم الشخصى هاليدى, فريد
300 ## - الوصف المادى
التعداد 259 ص
490 ## - بيان السلسلة
عنوان السلسلة الهيئة العامة للاستعلامات
رقم المجلد/ التعيين التسلسلي 0
650 04 - المدخل الاضافى بالموضوع-مصطلح موضوعى
مصطلح موضوعي الاسلام
650 04 - المدخل الاضافى بالموضوع-مصطلح موضوعى
مصطلح موضوعي الشرق الاوسط
650 04 - المدخل الاضافى بالموضوع-مصطلح موضوعى
مصطلح موضوعي الاسلام والسياسة
942 ## - عناصر المدخل الإضافي( كوها)
مصدر التصنيف او مخطط الترفيف Dewey Decimal Classification
Koha [default] item type كتاب
Holdings
حالة التراجع حالة الفقد حالة تلف ليس للاعارة المكان المؤقت الموقع الحالى تاريخ الاكتساب اجمالي اﻻعارات رقم الطلب الباركود تاريخ اخر مشاهدة تاريخ تفعيل السعر نوع وعاء كوها
        مكتبة القاهرة الكبرى مكتبة القاهرة الكبرى 03/26/2014   219.30956\هـ ا 124625 03/26/2014 03/26/2014 كتاب
        مكتبة القاهرة الكبرى مكتبة القاهرة الكبرى 03/26/2014   219.30956\هـ ا 124626 03/26/2014 03/26/2014 كتاب

Powered By

EGPV